[Event "SVK-chT 0607"]
[Site "Slovakia"]
[Date "2007.01.07"]
[Round "7"]
[White "Kovacocy, Pavol"]
[Black "Salai, Ladislav"]
[Result "0-1"]
[WhiteElo "2282"]
[BlackElo "2370"]
[PlyCount "124"]
[EventDate "2006.10.21"]
[EventType "team-tourn"]
[EventRounds "11"]
[EventCountry "SVK"]
[SourceTitle "EXT 2019"]
[Source "ChessBase"]
[SourceDate "2018.10.10"]
[SourceVersion "1"]
[SourceVersionDate "2018.10.10"]
[SourceQuality "1"]
[WhiteTeam "Senica"]
[BlackTeam "Hlohovec"]
[WhiteTeamCountry "SVK"]
[BlackTeamCountry "SVK"]

1. e4 c5 2. Nf3 Nc6 3. d4 cxd4 4. Nxd4 Nf6 5. Nc3 e5 6. Ndb5 d6 7. Nd5 Nxd5 8. exd5 Nb8 9. c4 Be7 10. Bd3 a6 11. Nc3 0-0 12. 0-0 f5 13. f4 Bf6 14. Ne2 g6 15. Rb1 Qc7 16. fxe5 dxe5 17. Be3 e4 18. Bc2 Be5 19. c5 Bxh2+ 20. Kh1 Be5 21. Qd2 Qd8 22. g3 Nd7 23. Bb3 Kh8 24. Kg2 Nf6 25. Rh1 Qe8 26. Rh4 Bd7 27. Rbh1 Ba4 28. Bc4 Bb5 29. Bb3 Ba4 30. Bxa4 Qxa4 31. Nf4 Kg8 32. b3 Qd7 33. Bd4 Bxd4 34. Qxd4 g5 35. Rh6 gxf4 36. Rxf6 f3+ 37. Kf2 Rxf6 38. Qxf6 Rf8 39. Qh6 Qg7 40. Qxg7+ Kxg7 41. Ke3 Rf7 42. b4 Kf6 43. a4 Rg7 44. d6 Rxg3 45. Rd1 Ke5 46. d7 f4+ 47. Kd2 e3+ 48. Kd3 Rg8 49. b5 axb5 50. axb5 Rd8 51. c6 bxc6 52. bxc6 Kd6 53. Rc1 Kc7 54. Ke4 f2 55. Kf3 h5 56. Ke2 Ra8 57. Rd1 h4 58. Kf3 h3 59. Ke2 h2 60. Rc1 Ra2+ 61. Kf3 f1Q+ 62. Rxf1 Rf2+ 0-1